Fluid Mechanics & Fluid Power Engineering (Record no. 3817)

MARC details
000 -LEADER
fixed length control field 00404nam a2200157Ia 4500
008 - FIXED-LENGTH DATA ELEMENTS--GENERAL INFORMATION
fixed length control field 221030s9999 xx 000 0 und d
020 ## - INTERNATIONAL STANDARD BOOK NUMBER
ISBN 8188458317
041 ## - LANGUAGE CODE
Language code of text/sound track or separate title
082 ## - DEWEY DECIMAL CLASSIFICATION NUMBER
Classification number 105.23
Item number Kum
100 ## - MAIN ENTRY--AUTHOR NAME
Personal name D. S. Kumar
245 #0 - TITLE STATEMENT
Title Fluid Mechanics & Fluid Power Engineering
Statement of responsibility, etc by D. S. Kumar
260 ## - PUBLICATION, DISTRIBUTION, ETC. (IMPRINT)
Name of publisher S.K. Kataria & Sons
Place of publication Delhi
Year of publication 2006
300 ## - PHYSICAL DESCRIPTION
Number of Pages 18.22
650 ## - SUBJECT ADDED ENTRY--TOPICAL TERM
Topical Term Mechanical
942 ## - ADDED ENTRY ELEMENTS (KOHA)
Koha item type Books
Holdings
Accession Number Full call number Price effective from Koha item type Withdrawn / writtenoff status Materials specified (bound volume or other part) Damaged status Not for loan Permanent Location Current Location Shelving location Date acquired Lost/ Missing status department
BE 9072 105.23 Kum 10/30/2022 Books   Print     MIET Library, Jammu MIET Library, Jammu BL-Academic Bolck C, FL-2, CUP-160, SH-3, R-3 12/02/2006   BE